| 000 | 00954nas a2200289 4500 | ||
|---|---|---|---|
| 001 | BR2014000517 | ||
| 003 | BR-BrBNA | ||
| 005 | 20231205123631.0 | ||
| 007 | ta | ||
| 008 | 230509b bl.|||p| |||| 00| 00por d | ||
| 040 |
_aBR-BrBNA _bpor _cBiblioteca Nacional de Agricultura |
||
| 041 | _a(Pt) | ||
| 072 | _aJ11; F08 | ||
| 100 | 1 | _aRinaldi, M.M. | |
| 100 | 1 | _aSandri, D. | |
| 100 | 1 | _aNunes, D.M.C. | |
| 100 | 1 | _aAmaral, A.G. do | |
| 245 | 1 | _aArmazenamento sob condições ambiente e aceitabilidade do melão 'F1 Jangada' produzido em sistema hidropônico | |
| 650 | _aARMAZENAMENTO DE ALIMENTO | ||
| 650 | _aCULTIVO HIDROPÔNICO | ||
| 650 | _aCUCUMIS MELO | ||
| 650 | _aANÁLISE ORGANOLÉPTICA | ||
| 773 | 0 |
_tEngenharia Agrícola (Brazil) _xISSN 0100-6916 _g(Sep-Dec 2006), v. 26(3) p. 804-812 _wBR2014000517 |
|
| 856 | 4 | 0 | _uhttp://www.scielo.br/pdf/eagri/v26n3/18.pdf |
| 909 |
_a202311 _bLúcia _c55 _dLúcia Elande |
||
| 942 |
_2AGRIS _n0 _cANA |
||
| 999 |
_c234906 _d234906 |
||